Realismo trascendente en cuatro tragedias sociales de Antonio Buero Vallejo
Saved in:
| Main Author: | |
|---|---|
| Format: | Book |
| Language: | Spanish |
| Published: |
Madrid
Castalia
1974
|
| Series: | Estudios de Hispanófila, 29
|
| Subjects: | |
| Tags: |
Add Tag
No Tags, Be the first to tag this record!
|
MARC
| LEADER | 00000nam a2200000 a 4500 | ||
|---|---|---|---|
| 001 | UCQ5353 | ||
| 003 | CL-VaPUC | ||
| 008 | 980925e19740000SP |||||||||||||||||spa|d | ||
| 082 | 0 | 4 | |a 862.09 |b DOW |2 21 |
| 100 | 0 | |a Dowd, Catherine Elizabeth |e author |9 419478 | |
| 245 | 1 | 0 | |a Realismo trascendente en cuatro tragedias sociales de Antonio Buero Vallejo |
| 300 | |a 157 p | ||
| 942 | |c BK | ||
| 945 | |d 19980925 00:00:00 |a crobeson | ||
| 260 | |a Madrid |b Castalia |c 1974 | ||
| 600 | 0 | 7 | |a BUERO VALLEJO, ANTONIO |2 CL-VaPUC |9 419479 |
| 650 | 0 | |a Drama español |9 265098 | |
| 650 | 0 | |a Literatura española |9 306261 | |
| 650 | 0 | |a Crítica e interpretación |9 255042 | |
| 583 | |a last modification |c 19980925 00:00:00 |k Rodrigo Vera | ||
| 490 | 0 | |a Estudios de Hispanófila, 29 | |
| 999 | |c 275566 |d 275564 | ||
| 952 | |0 0 |1 0 |4 0 |6 862_090000000000000_DOW_1974 |7 0 |8 A |9 312339 |a BIBEDU |b BIBEDU |d 2019-11-20 |i 1470752 |o 862.09 DOW 1974 |p 1470752 |r 2019-11-20 |w 2019-11-20 |y BK |k LIT | ||